000 00609cam a2200193 a 4500
001 000002141
005 20200929145840.0
008 780802s1966 ag 001 0 spa
040 _aDO-SdBNP
_cTxAbH
_dDLC
082 _a232.954
_bP945j, 1966
100 1 _aPrice, John Milburn,
_d1884-
_96855
245 1 0 _aJesús el maestro /
_cJ. M. Price ; traductor, O. S. D. de Lerín.
250 _a3a ed.
260 _aBuenos Aires :
_bCasa Bautista,
_c1966.
300 _a170 p. ;
_c19 cm.
600 0 0 _aJESUCRISTO
_xENSEÑANZA
_96856
700 1 _aLerín, O. S. D. ;
_etr.
_96857
910 _aCatalogación por copia / LC
999 _c1992
_d1992